| 000 | 00692nam a2200217 a 4500 | ||
|---|---|---|---|
| 001 | 000024704 | ||
| 005 | 20260120073950.0 | ||
| 008 | 110131s1975 xxua r 000 | spa d | ||
| 040 |
_aDO-SdBNP _bspa _cBNPHU |
||
| 082 |
_a152.4 _bB347p, 1975 |
||
| 100 | 1 |
_aBaum , Lorenzo J. _950671 |
|
| 245 | 1 | 3 |
_aEl problema del sufrimiento humano : _bsu origen y solución feliz / _cLorenzo J. Baum. |
| 250 | _a4a ed. | ||
| 260 |
_aCalifornia, (Estados Unidos) : _bEdiciones Interamericanas , _c1975. |
||
| 300 |
_a126 p. : _bil. ; _c20 cm. |
||
| 650 | 0 |
_aEmociones _9156 |
|
| 650 | 4 |
_aAfecto (psicología) _9157 |
|
| 650 | 4 |
_aMadurez emocional _91730 |
|
| 650 | 0 |
_aVida espiritual _9268 |
|
| 049 | _aBNGR | ||
| 999 |
_c24197 _d24197 |
||